01966cam a2200337 i 450000100090000000300040000900500170001300800410003001000170007102000310008803500200011904000280013904200080016705000220017506000090019708200210020624509130022724600590114025000210119926400510122030000530127133600210132433700250134533800230137050400510139365000260144470000560147070000360152670000340156270000320159618131867OSt20240530110538.0140425s2015 paua b 001 0 eng  a 2014016625 a9781451183900 (alk. paper) a(DNLM)101631303 aDNLM/DLCcDLCerdadDLC apcc00aRB111b.E856 201510aQZ 400223a616.07\bS R00aRubin's pathology :bclinicopathologic foundations of medicine /cEditors, Raphael Rubin, M.D., Professor of Pathology, David S. Strayer, M.D., Ph.D., Professor of Pathology, Department of Pathology and Cell Biology, Jefferson Medical College of Thomas Jefferson University Philadelphia, Pennsylvania ; Founder and Consulting Editor, Emanuel Rubin, M.D., Gonzalo Aponte Distinguished Professor of Pathology, Chairman Emeritus of the Department of Pathology and Cell Biology, Jefferson Medical College of Thomas Jefferson University, Philadelphia, Pennsylvania; Associate Editors, Jeffrey E. Saffitz, MD, PhD, Mallinckrodt Professor of Medicine, Harvard Medical School, Chairman, Department of Pathology, Beth Israel Deacones Medical Center, Boston, Massachusetts, Alan L. Schiller, MD, Professor and Chairman, Department of Pathology, John A. Burns School of Medicine University of Hawaii, Honolulu, Hawaii.1 aPathology :bclinicopathologic foundations of medicine aSeventh edition. 1aPhiladelphia :bWolters Kluwer Health,c[2015] axiii, 1602 pages :bcolor illustrations ;c29 cm atext2rdacontent aunmediated2rdamedia avolume2rdacarrier aIncludes bibliographical references and index.12aPathologic Processes.1 aStrayer, David S.q(David Sheldon),d1949-eeditor.1 aRubin, Emanuel,d1928-eeditor.1 aSaffitz, Jeffrey E.,eeditor.1 aSchiller, Alan L.,eeditor.